000 01016cam a22002771 4500
001 rc 01002480
003 DLC
005 20260227111906.0
007 cr_|||||||||||
008 781107s1876 alub 000 0 eng
010 _arc 01002480
035 _a(OCoLC)4354527
040 _aDLC
_cABAU
_dABAU
_dDLC
042 _apremarc
043 _an-us-al
050 0 0 _aF334.T9
_bM4
100 1 _aMaxwell, Thomas,
_d1815-1877.
245 1 0 _aTuskaloosa, the origin of its name, its history, etc.
_bA paper read before the Alabama Historical Society,
_cby Thomas Maxwell, July 1, 1876.
260 _a[Tuskaloosa]
_bPrinted at the office of the Tuskaloosa Gazette,
_c1876.
300 _a86 p.
_bfront. (map) phot.
_c23 cm.
530 _aAlso available in digital form on the Internet Archive Web site.
651 0 _aTuscaloosa (Ala.)
_xHistory.
650 0 _aIndians of North America
_zAlabama.
600 1 0 _aSoto, Hernando de,
_dapproximately 1500-1542.
856 4 1 _uhttp://hdl.loc.gov/loc.gdc/scd0001.00034497412
999 _c52324
_d52324